00493nam a2200193 a 4500001001300000003000900013005001700022008004100039020000800080082001700088100002300105245001800128260005400146300000900200500003500209505001000244650002200254700002300276nice12345678IN_TiNIC20260116011742.0050524s1961 hyda grp 000 0 urd  ac400a891.41bSHA6 aSharif, Mohd Jamal aHayat-E-Amjad aHyderabad bMarkazi Anjuman Taleemus Salat c1961 a184p aincludes index and biblioraphy2 aIndex aUrdu-Poetry-amjad1 aSharif, Mohd Jamal